'D' TV Shows by Picture Quiz Stats

Quiz Updated Nov 1, 2016

Challenge
Share
Tweet
Score 0/20 Timer 05:00
4 Plays Today
Location Show % Correct
Dancing with the Stars
93.3%
The Drew Carey Show
77.3%
Doug
77%
The Daily Show
76.8%
Dexter
76%
Deal or No Deal
75.7%
Desperate Housewives
73.5%
Dallas
73.4%
The Dukes of Hazzard
73.3%
Dog the Bounty Hunter
71.4%
Location Show % Correct
Dharma and Greg
69%
Diff'rent Strokes
67.3%
Doogie Howser, M.D.
66.6%
Dinosaurs
61.5%
Deadliest Catch
59.3%
The Dick Van Dyke Show
53.1%
Dawson's Creek
50.6%
Daria
48.4%
Dragnet
46.4%
Deadwood
42.3%

You're not logged in!

Compare scores with friends on all Sporcle quizzes.
Sign Up with Email
OR
Log In

You Might Also Like...

Show Comments

Extras

Top Quizzes Today


Score Distribution

Your Account Isn't Verified!

In order to create a playlist on Sporcle, you need to verify the email address you used during registration. Go to your Sporcle Settings to finish the process.